000 00657nam a2200217 a 4500
005 20191224041519.0
008 140219b1996 ck ||||| |||| 00| 0 spa d
040 _aCO-BoIAVH
_cCO-BoIAVH
041 _aspa
090 _aLB
_b00209
110 _bBP Exploration
_97000
245 _aMonitoreo hidrobiológico del área de influencia del bloque Piedemonte, departamento del Casanare
257 _aColombia
300 _a4 vol.
650 _aComunidades bentónicas
_97002
650 _aPerifiton
_97001
650 _aPeces de agua dulce
_978216
650 _aMonitoreo limnológico
_97003
650 _aVariables físicoquímicas
_97004
942 _cCD-ROM
_2z
999 _c229
_d229